[Event "EU-ch U12 rapid"]
[Site "Terme Catez"]
[Date "2023.09.28"]
[Round "6"]
[White "Dumbelovic, Novak"]
[Black "Pentsko, Stanislav"]
[Result "1/2-1/2"]
[WhiteElo "1986"]
[BlackElo "1763"]
[PlyCount "69"]
[EventDate "2023.09.28"]
[EventType "swiss (rapid)"]
[EventRounds "9"]
[EventCountry "SLO"]
[SourceTitle "EXT 2024"]
[Source "ChessBase"]
[SourceDate "2023.10.10"]
[SourceVersion "1"]
[SourceVersionDate "2023.10.10"]
[SourceQuality "1"]

1. e4 c5 2. Nf3 e6 3. d4 cxd4 4. Nxd4 a6 5. c4 Nf6 6. Nc3 Bb4 7. Qd3 Nc6 8. Nc2 Bc5 9. Be2 0-0 10. 0-0 b5 11. cxb5 axb5 12. Qxb5 Qe7 13. Qd3 Bb7 14. Qg3 Nd4 15. Bd3 d6 16. Bg5 Kh8 17. Kh1 h6 18. Be3 Nxc2 19. Bxc2 Bxe3 20. Qxe3 Rfb8 21. f3 d5 22. exd5 Nxd5 23. Nxd5 Bxd5 24. b3 Rc8 25. Be4 Bxe4 26. Qxe4 Qa3 27. Qe2 Rc3 28. h3 Rac8 29. Qb5 Rc2 30. Qd7 R8c7 31. Qd8+ Kh7 32. Qd3+ g6 33. Qd4 Rxa2 34. Rxa2 Qxa2 35. b4 1/2-1/2